[Event "?"]
[Site "ICS rated blitz match, 192.23"]
[Date "1997.??.??"]
[Round "?"]
[White "Brause"]
[Black "KingTwoFt"]
[Result "1-0"]
[WhiteElo "2635"]
[BlackElo "2750"]
[PlyCount "57"]

1. e4 e5 2. Nf3 Nc6 3. Nc3 Nf6 4. Nxe5 Nxe5 5. d4 Ng6 6. e5 Ng8 7. Bc4 Bb4 8.
Qf3 Bxc3+ 9. bxc3 f5 10. h4 N6e7 11. Bxg8 Nxg8 12. Qxf5 Ne7 13. Qh5+ g6 14. Qf3
d6 15. O-O dxe5 16. Qf6 Rf8 17. Qxe5 Qd6 18. Qe2 Qe6 19. Qb5+ c6 20. Qb2 Qd6
21. Bh6 Rf5 22. Rae1 Rb5 23. Qc1 Kf7 24. Bf4 Qd5 25. a4 Rb6 26. Bc7 Ra6 27. Qh6
Be6 28. Qxh7+ Kf8 29. Bf4 1-0

[Event "?"]
[Site "ICS rated blitz match, 192.23"]
[Date "1997.??.??"]
[Round "?"]
[White "Brause"]
[Black "MoonShot"]
[Result "1-0"]
[WhiteElo "2660"]
[BlackElo "2680"]
[PlyCount "133"]

1. e4 e5 2. Nf3 Nc6 3. Nc3 Nf6 4. Nxe5 Nxe5 5. d4 Ng6 6. e5 Ng8 7. Bc4 Bb4 8.
Qf3 Bxc3+ 9. bxc3 f5 10. h4 N6e7 11. Ba3 a6 12. Qg3 Kf8 13. O-O Rb8 14. Rab1 b6
15. Qf4 Ke8 16. Qg5 g6 17. h5 Bb7 18. Be2 Bd5 19. c4 Be4 20. Qd2 Qc8 21. d5 f4
22. e6 Nf6 23. d6 cxd6 24. Qxd6 Qd8 25. Qxf4 Rf8 26. exd7+ Kf7 27. hxg6+ Nxg6
28. Bh5 Rg8 29. Rbe1 Kg7 30. Bxg6 hxg6 31. Qe5 Qxd7 32. Rxe4 Qf7 33. Be7 Rb7
34. Bxf6+ Qxf6 35. Qxf6+ Kxf6 36. Rd1 g5 37. Rd6+ Kf7 38. Ree6 Rgb8 39. Rh6 g4
40. Rdf6+ Ke8 41. Rfg6 Kf7 42. Rxg4 Re7 43. Rh7+ Kf6 44. Rxe7 Kxe7 45. Rg6 Kd7
46. f4 Kc7 47. Re6 Rd8 48. f5 Rd1+ 49. Kf2 Rd2+ 50. Kf3 Rxc2 51. f6 Rc3+ 52.
Kf4 Rc2 53. g4 Rxa2 54. g5 Rg2 55. Kf5 Rf2+ 56. Kg6 Kd7 57. Kf7 Rg2 58. g6 Kc7
59. g7 Rg4 60. g8=Q Rxg8 61. Kxg8 a5 62. f7 Kd7 63. Rf6 Kc8 64. f8=Q+ Kb7 65.
Rf7+ Kc6 66. Qe7 b5 67. Qc7# 1-0

[Event "?"]
[Site "ICS rated blitz match, 192.23"]
[Date "1997.??.??"]
[Round "?"]
[White "Brause"]
[Black "ADOLF"]
[Result "1-0"]
[WhiteElo "2685"]
[BlackElo "2470"]
[PlyCount "53"]

1. e4 e5 2. Nf3 Nc6 3. Nc3 Nf6 4. Nxe5 Nxe5 5. d4 Ng6 6. e5 Ng8 7. Bc4 Bb4 8.
Qf3 Qe7 9. O-O Bxc3 10. bxc3 Nh6 11. g3 O-O 12. Qh5 d6 13. Bxh6 gxh6 14. f4
dxe5 15. f5 exd4 16. fxg6 Qe3+ 17. Rf2 hxg6 18. Qxg6+ Kh8 19. Bxf7 Bh3 20. Qf6+
Kh7 21. Qxd4 Qxd4 22. cxd4 Kg7 23. Bc4 Rad8 24. c3 c6 25. Re1 Rxf2 26. Kxf2 Rd7
27. g4 1-0

[Event "?"]
[Site "ICS rated blitz match, 192.23"]
[Date "1997.??.??"]
[Round "?"]
[White "Brause"]
[Black "ADOLF"]
[Result "1-0"]
[WhiteElo "2695"]
[BlackElo "2465"]
[PlyCount "31"]

1. e4 e5 2. Nf3 Nc6 3. Nc3 Nf6 4. Nxe5 Nxe5 5. d4 Nc6 6. d5 Nb8 7. e5 Ng8 8. d6
cxd6 9. exd6 Qf6 10. Nb5 Na6 11. Bc4 Qe5+ 12. Be3 Nf6 13. O-O b6 14. Bd4 Qf5
15. Re1+ Kd8 16. Qe2 1-0

[Event "?"]
[Site "ICS rated blitz match, 192.23"]
[Date "1997.??.??"]
[Round "?"]
[White "Brause"]
[Black "ADOLF"]
[Result "1-0"]
[WhiteElo "2705"]
[BlackElo "2450"]
[PlyCount "71"]

1. e4 e5 2. Nf3 Nc6 3. Nc3 Nf6 4. Nxe5 Nxe5 5. d4 Ng6 6. e5 Ng8 7. Bc4 c6 8.
Qe2 b5 9. Nxb5 cxb5 10. Bxf7+ Kxf7 11. Qf3+ Ke8 12. Qxa8 N8e7 13. Qe4 d5 14.
Qd3 Qb6 15. O-O Bf5 16. Qd1 Nc6 17. c3 Be7 18. Qh5 Be6 19. f4 Bf7 20. e6 Bxe6
21. f5 Bxf5 22. Rxf5 Rf8 23. Rxd5 b4 24. Qxh7 Nd8 25. Bg5 Qe6 26. Bxe7 Nxe7 27.
Re5 Qf6 28. Ree1 bxc3 29. bxc3 Nf7 30. Qe4 Nd6 31. Qa8+ Kf7 32. Qxa7 Ndf5 33.
Qd7 Kg8 34. Qe6+ Qxe6 35. Rxe6 Rc8 36. g4 1-0

[Event "?"]
[Site "ICS rated blitz match, 192.23"]
[Date "1997.??.??"]
[Round "?"]
[White "Brause"]
[Black "ADOLF"]
[Result "1-0"]
[WhiteElo "2705"]
[BlackElo "2455"]
[PlyCount "79"]

1. e4 e5 2. Nf3 Nc6 3. Nc3 Nf6 4. Nxe5 Nxe5 5. d4 Ng6 6. e5 Ng8 7. Bc4 c6 8.
Qe2 Bb4 9. Bxf7+ Kxf7 10. Qc4+ d5 11. exd6+ Be6 12. Qxb4 Nf6 13. Qxb7+ Qd7 14.
Qxd7+ Bxd7 15. O-O Rhe8 16. f3 Rab8 17. Ne4 Kg8 18. Nxf6+ gxf6 19. c4 Re2 20.
b3 a5 21. c5 Kf7 22. Bh6 Nf8 23. Rf2 Rxf2 24. Kxf2 Be6 25. Bd2 Ra8 26. Bc3 Nd7
27. Re1 a4 28. d5 cxd5 29. c6 Nc5 30. Ke3 axb3 31. axb3 Nxb3 32. d7 Ke7 33.
Bb4+ Kd8 34. Kd3 Bxd7 35. Be7+ Kc7 36. cxd7 Kxd7 37. Bxf6 Re8 38. Rb1 Re6 39.
Rxb3 Rxf6 40. Rb7+ 1-0

[Event "?"]
[Site "ICS rated blitz match, 192.23"]
[Date "1997.??.??"]
[Round "?"]
[White "Brause"]
[Black "Lonnie"]
[Result "1-0"]
[WhiteElo "2710"]
[BlackElo "2830"]
[PlyCount "83"]

1. e4 e5 2. Nf3 Nc6 3. Nc3 Nf6 4. Nxe5 Nxe5 5. d4 Ng6 6. e5 Ng8 7. Bc4 Bb4 8.
Qf3 Bxc3+ 9. bxc3 f5 10. h4 N6e7 11. Bxg8 Nxg8 12. Qxf5 Ne7 13. Qh5+ g6 14. Qf3
c5 15. h5 Rf8 16. Qd3 Qa5 17. hxg6 hxg6 18. Bd2 Qa6 19. Qxa6 bxa6 20. dxc5 Bb7
21. O-O Rc8 22. Be3 Be4 23. Rfd1 Nf5 24. Bd4 Bxc2 25. Rd2 Ba4 26. Rb2 Bc6 27.
f3 Kd8 28. Rd2 Re8 29. Rad1 Re6 30. Kf2 Rb8 31. f4 Ke8 32. g4 Nh6 33. Kg3 a5
34. Rh2 Nf7 35. f5 gxf5 36. gxf5 Re7 37. Re1 Nd8 38. Rh8+ Kf7 39. Re2 Re8 40.
Rh7+ Kg8 41. Reh2 Nf7 42. e6 1-0

[Event "?"]
[Site "ICS rated blitz match, 192.23"]
[Date "1997.??.??"]
[Round "?"]
[White "Brause"]
[Black "Bo"]
[Result "1-0"]
[WhiteElo "2720"]
[BlackElo "2115"]
[PlyCount "101"]

1. e4 e5 2. Nf3 Nc6 3. Nc3 Nf6 4. Nxe5 Nxe5 5. d4 Ng6 6. e5 Ng8 7. Bc4 d5 8.
Bxd5 c6 9. Be4 Bb4 10. O-O Bxc3 11. bxc3 N8e7 12. Qd3 O-O 13. f4 f5 14. exf6
Rxf6 15. f5 Nf8 16. Bg5 Nd7 17. Bxf6 Nxf6 18. Qf3 Bd7 19. g4 h6 20. h3 Qc7 21.
Rae1 Kh8 22. c4 Rd8 23. Qf4 Qxf4 24. Rxf4 Nc8 25. Bd3 Be8 26. c3 Bf7 27. Rf3
Nb6 28. c5 Nc8 29. a3 Kg8 30. Rf2 Kf8 31. Rb2 Rd7 32. Reb1 b6 33. Ba6 Rd8 34.
Bxc8 Rxc8 35. cxb6 axb6 36. Rxb6 Ne4 37. Rb8 Rxb8 38. Rxb8+ Ke7 39. Rb7+ Kf6
40. Rb6 Be8 41. d5 Kg5 42. dxc6 Nxc3 43. c7 Bd7 44. Rg6+ Kf4 45. Rxg7 Bc8 46.
Rg8 Bb7 47. f6 Ne2+ 48. Kf2 Nd4 49. Re8 Kg5 50. f7 Kg6 51. f8=Q 1-0

[Event "?"]
[Site "ICS rated blitz match, 192.23"]
[Date "1997.??.??"]
[Round "?"]
[White "Brause"]
[Black "Bo"]
[Result "1-0"]
[WhiteElo "2720"]
[BlackElo "2110"]
[PlyCount "85"]

1. e4 e5 2. Nf3 Nc6 3. Nc3 Nf6 4. Nxe5 Nxe5 5. d4 Ng6 6. e5 Ng8 7. Bc4 d5 8.
Bxd5 c6 9. Be4 N8e7 10. O-O Nd5 11. Ne2 Nge7 12. c4 Nc7 13. Bg5 h6 14. Bf4 Bf5
15. Qd3 Bxe4 16. Qxe4 Ng6 17. Bd2 Qh4 18. f4 Be7 19. Qf3 f5 20. Qd3 O-O 21. Ng3
Bd8 22. Nxf5 Qg4 23. Nd6 Nxf4 24. Bxf4 Rxf4 25. Rxf4 Qxf4 26. Nxb7 Bg5 27. Kh1
Rb8 28. Rf1 Qe3 29. Qf5 Rxb7 30. Qc8+ Kh7 31. Qxb7 Ne6 32. Qxc6 Nxd4 33. Qc7
Qe2 34. Rb1 Qe4 35. Ra1 Ne2 36. Qxa7 Be3 37. Qd7 Nf4 38. Qg4 h5 39. Qf3 Qxe5
40. Re1 Nxg2 41. Kxg2 Qg5+ 42. Qg3 Bf4 43. Qxg5 1-0

[Event "?"]
[Site "ICS rated blitz match, 192.23"]
[Date "1997.??.??"]
[Round "?"]
[White "Brause"]
[Black "MachineHead"]
[Result "1-0"]
[WhiteElo "2720"]
[BlackElo "2710"]
[PlyCount "110"]

1. e4 e5 2. Nf3 Nc6 3. Nc3 Nf6 4. Nxe5 Nxe5 5. d4 Nc6 6. d5 Ne5 7. f4 Ng6 8. e5
Ng8 9. d6 cxd6 10. exd6 Qf6 11. Nb5 Kd8 12. Be3 Qxb2 13. Bd4 Qb4+ 14. c3 Qb2
15. Rb1 Qxa2 16. g3 b6 17. Be2 Bb7 18. O-O f6 19. c4 Be4 20. Ra1 Qc2 21. Bxb6+
Ke8 22. Qxc2 Bxc2 23. Bf3 Bf5 24. Bxa8 axb6 25. Bd5 Be6 26. Bxe6 dxe6 27. Ra8+
Kf7 28. d7 Bc5+ 29. Rf2 Be7 30. Rfa2 Nh6 31. Nd6+ Bxd6 32. Rxh8 Bc5+ 33. Kf1
Nxh8 34. d8=Q Ng6 35. Qd7+ Ne7 36. Re2 e5 37. fxe5 fxe5 38. Rxe5 Nhg8 39. Rxc5
bxc5 40. Qc7 Nf6 41. Qxc5 Ke6 42. Qe3+ Kf7 43. c5 h6 44. Qb3+ Kf8 45. Qe6 Nfd5
46. c6 Nb6 47. c7 Nbc8 48. Kf2 Na7 49. Ke3 Nac8 50. Ke4 Ke8 51. Ke5 h5 52. Qh3
g6 53. Ke6 Nf5 54. Qg2 Ng7+ 55. Kf6 Kd7 1-0

[Event "?"]
[Site "ICS rated blitz match, 192.23"]
[Date "1997.??.??"]
[Round "?"]
[White "Brause"]
[Black "gballa"]
[Result "1-0"]
[WhiteElo "2735"]
[BlackElo "2550"]
[PlyCount "83"]

1. e4 e5 2. Nf3 Nc6 3. Nc3 Nf6 4. Nxe5 Nxe5 5. d4 Ng6 6. e5 Ng8 7. Bc4 Bb4 8.
Qf3 Bxc3+ 9. bxc3 Qe7 10. O-O a6 11. g3 Rb8 12. a4 d6 13. Ba3 Be6 14. Rfe1 Kd8
15. exd6 Qf6 16. Qe4 cxd6 17. Bxe6 fxe6 18. Bxd6 Rc8 19. Qxb7 Rxc3 20. Qb6+ Kd7
21. Bc5 e5 22. Qa7+ Ke6 23. f4 N8e7 24. fxe5 Qf3 25. Qxa6+ Nc6 26. Re2 Rb8 27.
Rf2 Qe4 28. Rd1 Rxc5 29. dxc5 Ke7 30. Re2 Qf3 31. Qd3 Qxd3 32. cxd3 Ke6 33. d4
Kd5 34. e6 Ra8 35. Rf2 Rxa4 36. Rf7 Kxe6 37. Rxg7 Nxd4 38. Rxh7 Kd5 39. Rd7+
Ke4 40. Re1+ Kf5 41. Rd5+ Kf6 42. Rf1+ 1-0

[Event "?"]
[Site "ICS rated blitz match, 192.23"]
[Date "1997.??.??"]
[Round "?"]
[White "Brause"]
[Black "SKIPPER"]
[Result "1-0"]
[WhiteElo "2765"]
[BlackElo "2435"]
[PlyCount "74"]

1. e4 e5 2. Nf3 Nc6 3. Nc3 Nf6 4. Nxe5 Nxe5 5. d4 Ng6 6. e5 Ng8 7. Bc4 Bb4 8.
Qf3 Bxc3+ 9. bxc3 Qe7 10. O-O Nh6 11. g3 O-O 12. Qh5 d5 13. Bxd5 c6 14. Bf3 Kh8
15. a4 Nf5 16. Ba3 Qe8 17. Bxf8 Nxf8 18. Rab1 g6 19. Qg5 Qe7 20. Qd2 Ne6 21.
Be4 Ng5 22. Bg2 h5 23. f4 Nh7 24. a5 a6 25. Bf3 Be6 26. Be4 Rd8 27. Qd3 Kg7 28.
Rb6 Rd7 29. Rfb1 Nf8 30. R6b2 Nh7 31. Qe2 f6 32. Bxf5 Bxf5 33. exf6+ Qxf6 34.
Rxb7 Rxb7 35. Rxb7+ Kh6 36. Qe8 Qe6 37. Qxe6 Bxe6 1-0

[Event "?"]
[Site "ICS rated blitz match, 192.23"]
[Date "1997.??.??"]
[Round "?"]
[White "Brause"]
[Black "Zippy"]
[Result "1-0"]
[WhiteElo "2690"]
[BlackElo "2195"]
[PlyCount "51"]

1. e4 e5 2. Nf3 Nc6 3. Nc3 Nf6 4. Nxe5 Nxe5 5. d4 Nc6 6. d5 Ne5 7. f4 Ng6 8. e5
Ng8 9. d6 cxd6 10. exd6 Qf6 11. Nb5 Kd8 12. Be3 Nxf4 13. Qd2 Qxb2 14. Qa5+ b6
15. Bxb6+ Ke8 16. Nc7+ Kd8 17. Bd4 Nd3+ 18. Bxd3 Qb6 19. Bxb6 axb6 20. Qxb6
Bxd6 21. Nb5+ Ke8 22. Nxd6+ Ke7 23. O-O Ra5 24. Rxf7+ Ke6 25. Re1+ Kd5 26. Rf5#
1-0

[Event "?"]
[Site "ICS rated blitz match, 192.23"]
[Date "1997.??.??"]
[Round "?"]
[White "Brause"]
[Black "Zippy"]
[Result "0-1"]
[WhiteElo "2695"]
[BlackElo "2190"]
[PlyCount "91"]

1. e4 e5 2. Nf3 Nc6 3. Nc3 Nf6 4. Nxe5 Nxe5 5. d4 Nc6 6. d5 Ne5 7. f4 Ng6 8. e5
Ng8 9. d6 cxd6 10. exd6 Qf6 11. Nb5 Rb8 12. Be3 Nxf4 13. Bxa7 Qe5+ 14. Kf2 Nf6
15. g3 Ne4+ 16. Kg1 Ne6 17. b3 Ra8 18. Bd4 Qg5 19. Qe2 f5 20. Nc7+ Nxc7 21.
dxc7 Bd6 22. Qc4 h5 23. Bg2 h4 24. Qd5 Qg6 25. gxh4 Bxc7 26. h5 Qxh5 27. h4 Qg4
28. Rh3 Ra5 29. Qc4 Qf4 30. b4 b5 31. Qd5 Ra4 32. c3 Qg4 33. Qxb5 Ra6 34. h5
Rxh5 35. Rxh5 Qxh5 36. Be5 Qg5 37. Bd4 Rg6 38. Qe2 Qh4 39. Kf1 Qf4+ 40. Ke1 Re6
41. Bxe4 Rxe4 42. a4 Qg3+ 43. Kd2 Rxe2+ 44. Kxe2 Ba6+ 45. b5 Qg2+ 46. Kd3 0-1

[Event "?"]
[Site "ICS rated blitz match, 192.23"]
[Date "1997.??.??"]
[Round "?"]
[White "Brause"]
[Black "nyul"]
[Result "1-0"]
[WhiteElo "2685"]
[BlackElo "2130"]
[PlyCount "33"]

1. e4 e5 2. Nf3 Nc6 3. Nc3 Nf6 4. Nxe5 Nxe5 5. d4 Nc6 6. d5 Ne5 7. f4 Bb4 8.
fxe5 Nxe4 9. Qd4 Bxc3+ 10. bxc3 f5 11. Bd3 Qh4+ 12. g3 Qg4 13. O-O c5 14. dxc6
bxc6 15. Be3 O-O 16. Bc4+ Kh8 17. Rf4 1-0

[Event "?"]
[Site "ICS rated blitz match, 192.23"]
[Date "1997.??.??"]
[Round "?"]
[White "Brause"]
[Black "nyul"]
[Result "1-0"]
[WhiteElo "2690"]
[BlackElo "2130"]
[PlyCount "49"]

1. e4 e5 2. Nf3 Nc6 3. Nc3 Nf6 4. Nxe5 Nxe5 5. d4 Nc6 6. d5 Ne5 7. f4 d6 8.
fxe5 dxe5 9. Bg5 Bc5 10. Bb5+ Bd7 11. Bxd7+ Qxd7 12. Bxf6 gxf6 13. Qf3 Be7 14.
O-O-O O-O-O 15. Rhf1 Qd6 16. Rf2 Qb6 17. d6 Bxd6 18. Qh3+ Kb8 19. Rxf6 Qa5 20.
Rxf7 Bb4 21. Rxh7 Rxd1+ 22. Nxd1 Rd8 23. Rd7 Rf8 24. Qe6 Bd6 25. Rxd6 1-0

[Event "?"]
[Site "ICS rated blitz match, 192.23"]
[Date "1997.??.??"]
[Round "?"]
[White "Brause"]
[Black "SKIPPER"]
[Result "1-0"]
[WhiteElo "2650"]
[BlackElo "2465"]
[PlyCount "55"]

1. e4 e5 2. Nf3 Nc6 3. Nc3 Nf6 4. Nxe5 Nxe5 5. d4 Ng6 6. e5 Ng8 7. Bc4 Bb4 8.
Qf3 Qe7 9. O-O Ba5 10. Nd5 Qf8 11. Bd2 Bb6 12. Bb4 N8e7 13. Qa3 Kd8 14. c3 Qe8
15. Qb3 Nxd5 16. Bxd5 c5 17. dxc5 Bc7 18. f4 f5 19. c6 a5 20. Bf7 a4 21. Qc4
Nxe5 22. fxe5 Bb6+ 23. Kh1 Qxe5 24. Rae1 Qf6 25. Rxf5 Qxc6 26. Be7+ Kc7 27.
Bd6+ Kd8 28. Qh4+ 1-0

[Event "?"]
[Site "ICS rated blitz match, 192.23"]
[Date "1997.??.??"]
[Round "?"]
[White "Brause"]
[Black "Kaustik"]
[Result "1-0"]
[WhiteElo "2640"]
[BlackElo "2120"]
[PlyCount "93"]

1. e4 e5 2. Nf3 Nc6 3. Nc3 Nf6 4. Nxe5 Nxe5 5. d4 Ng6 6. e5 Ng8 7. Bc4 d6 8.
Qf3 Be6 9. Qxb7 dxe5 10. Bb5+ Bd7 11. Bxd7+ Kxd7 12. Qb5+ c6 13. Qb7+ Ke6 14.
Qxc6+ Bd6 15. d5+ Ke7 16. Nb5 Rc8 17. Nxa7 Qa5+ 18. Bd2 Qxd2+ 19. Kxd2 Rxc6 20.
Nxc6+ Kd7 21. c4 N8e7 22. Nxe7 Nxe7 23. a4 Rb8 24. Rab1 Bb4+ 25. Kd3 Kd6 26.
Rhc1 Nf5 27. b3 Nd4 28. f4 Nf5 29. Ke4 Nh4 30. fxe5+ Kc5 31. Rf1 Rb7 32. g3 Ng6
33. Rf5 Nf8 34. Rbf1 f6 35. exf6 g6 36. R5f3 Rf7 37. Ke5 h6 38. Rd3 g5 39. Rf2
Ba5 40. g4 Bd8 41. d6 Nd7+ 42. Ke6 Rxf6+ 43. Kxd7 Rxf2 44. Kxd8 Rxh2 45. d7 Rf2
46. Ke7 Re2+ 47. Kf8 1-0

[Event "?"]
[Site "ICS rated blitz match, 192.23"]
[Date "1997.??.??"]
[Round "?"]
[White "Brause"]
[Black "euri"]
[Result "1-0"]
[WhiteElo "2635"]
[BlackElo "1840"]
[PlyCount "27"]

1. e4 e5 2. Nf3 Nc6 3. Nc3 Nf6 4. Nxe5 Nxe5 5. d4 Nc6 6. d5 Ne5 7. f4 Ng6 8. e5
Ng8 9. d6 f6 10. Nb5 fxe5 11. Nxc7+ Kf7 12. Bc4+ Kf6 13. fxe5+ Nxe5 14. O-O+
1-0

[Event "?"]
[Site "ICS rated blitz match, 192.23"]
[Date "1997.??.??"]
[Round "?"]
[White "Brause"]
[Black "Lonnie"]
[Result "0-1"]
[WhiteElo "2640"]
[BlackElo "2825"]
[PlyCount "53"]

1. e4 e5 2. Nf3 Nc6 3. Nc3 Nf6 4. Nxe5 Nxe5 5. d4 Ng6 6. e5 Ng8 7. Bc4 Bb4 8.
Qf3 Bxc3+ 9. bxc3 f5 10. h4 N6e7 11. Bxg8 Nxg8 12. Qxf5 Ne7 13. Qh5+ g6 14. Qf3
Rf8 15. Qe4 d5 16. exd6 Qxd6 17. O-O c6 18. Bg5 Bf5 19. Qe2 Kd7 20. g4 Be6 21.
Rfb1 b5 22. Bh6 Bc4 23. Qe3 Rf7 24. Re1 Nd5 25. Qh3 Qf6 26. Be3 Nf4 27. Bxf4
0-1

[Event "?"]
[Site "ICS rated blitz match, 192.23"]
[Date "1997.??.??"]
[Round "?"]
[White "Brause"]
[Black "Ego-crusher"]
[Result "0-1"]
[WhiteElo "2635"]
[BlackElo "2770"]
[PlyCount "93"]

1. e4 e5 2. Nf3 Nf6 3. Nc3 Nc6 4. Nxe5 Nxe5 5. d4 Ng6 6. e5 Ng8 7. Bc4 Bb4 8.
Qf3 Bxc3+ 9. bxc3 Qe7 10. O-O a5 11. a4 Nh6 12. g3 O-O 13. Bd5 Qd8 14. Bxh6
gxh6 15. Bxb7 Bxb7 16. Qxb7 Re8 17. Rab1 d6 18. exd6 cxd6 19. Qd5 Rc8 20. Rb3
Re2 21. Qf5 Qe8 22. Rfb1 Re1+ 23. Rxe1 Qxe1+ 24. Kg2 Rxc3 25. Rb8+ Kg7 26. Rb7
Qe8 27. Ra7 Rc4 28. Rxa5 Rxd4 29. Ra6 Qe1 30. Ra7 Ne5 31. c3 Rd1 32. Kh3 Qf1+
33. Kh4 Rd2 34. Rxf7+ Nxf7 35. Qg4+ Kf8 36. Qc8+ Ke7 37. Qb7+ Ke6 38. Qe4+ Ne5
39. Qxh7 Nf3+ 40. Kg4 Nxh2+ 41. Kh5 Qh3+ 42. Kg6 Qg4+ 43. Kxh6 Rxf2 44. Qg7
Qh3+ 45. Kg6 Qf5+ 46. Kh6 Ng4+ 47. Qxg4 0-1

[Event "?"]
[Site "ICS rated blitz match, 192.23"]
[Date "1997.??.??"]
[Round "?"]
[White "Brause"]
[Black "Skullboy"]
[Result "1-0"]
[WhiteElo "2615"]
[BlackElo "1960"]
[PlyCount "65"]

1. e4 e5 2. Nf3 Nc6 3. Nc3 Nf6 4. Nxe5 Nxe5 5. d4 Ng6 6. e5 Ng8 7. Bc4 c6 8.
Qe2 Bb4 9. Bxf7+ Kxf7 10. Qc4+ Kf8 11. Qxb4+ Qe7 12. Qb3 d5 13. O-O Be6 14. Ne2
Nh6 15. Bxh6 gxh6 16. Qd3 Ke8 17. f4 Nh4 18. Ng3 Rf8 19. f5 Nxf5 20. Nxf5 Bxf5
21. Rxf5 Rxf5 22. Qxf5 Qf7 23. Qxf7+ Kxf7 24. Rf1+ Kg7 25. Rf6 Re8 26. Kf2 Rc8
27. Ke3 b6 28. c3 c5 29. Rd6 cxd4+ 30. Kxd4 Rc4+ 31. Kxd5 Rh4 32. Rd7+ Kf8 33.
e6 1-0

[Event "?"]
[Site "ICS rated blitz match, 192.23"]
[Date "1997.??.??"]
[Round "?"]
[White "Brause"]
[Black "Skullboy"]
[Result "1-0"]
[WhiteElo "2620"]
[BlackElo "1955"]
[PlyCount "93"]

1. e4 e5 2. Nf3 Nc6 3. Nc3 Nf6 4. Nxe5 Nxe5 5. d4 Ng6 6. e5 Ng8 7. Bc4 Bb4 8.
Qf3 Bxc3+ 9. bxc3 Qe7 10. O-O Nh6 11. g3 O-O 12. Qh5 b5 13. Bxb5 d5 14. Bxh6
gxh6 15. Bc6 Rb8 16. Bxd5 Be6 17. Bxe6 fxe6 18. Qxh6 Rf3 19. Qd2 Qa3 20. c4 Qc3
21. Qe2 Rb2 22. Rfc1 Rf5 23. Qe4 Qf3 24. Qxf3 Rxf3 25. Rab1 Rxa2 26. Rb3 Rxb3
27. cxb3 Rd2 28. Ra1 Rxd4 29. Rxa7 c6 30. Ra8+ Kg7 31. Ra7+ Kh6 32. f4 Rd3 33.
Rc7 Rxb3 34. Rxc6 Rc3 35. Rxe6 Rxc4 36. f5 Re4 37. fxg6 hxg6 38. h4 Kg7 39. Kf2
Kf7 40. Kf3 Re1 41. Rf6+ Ke7 42. Kf4 g5+ 43. hxg5 Rf1+ 44. Kg4 Re1 45. g6 Rxe5
46. g7 Re4+ 47. Kf5 1-0

[Event "?"]
[Site "ICS rated blitz match, 192.23"]
[Date "1997.??.??"]
[Round "?"]
[White "Brause"]
[Black "KingLopez"]
[Result "1-0"]
[WhiteElo "2500"]
[BlackElo "2080"]
[PlyCount "29"]

1. e4 e5 2. Nf3 Nc6 3. Nc3 Nf6 4. Nxe5 Nxe5 5. d4 Ng6 6. e5 Ng8 7. Bc4 Bb4 8.
Qf3 Qe7 9. O-O Bxc3 10. bxc3 c6 11. a4 b6 12. Ba3 d6 13. Qxc6+ Qd7 14. Qxa8
dxe5 15. Bb5 1-0

[Event "?"]
[Site "ICS rated blitz match, 192.23"]
[Date "1997.??.??"]
[Round "?"]
[White "Brause"]
[Black "reinfeld"]
[Result "1-0"]
[WhiteElo "2505"]
[BlackElo "2110"]
[PlyCount "81"]

1. e4 e5 2. Nf3 Nf6 3. Nc3 Nc6 4. Nxe5 Nxe5 5. d4 Nc6 6. d5 Ne5 7. f4 Ng6 8. e5
Ng8 9. d6 cxd6 10. exd6 Qh4+ 11. g3 Qf6 12. Nb5 Kd8 13. Be3 Qe6 14. Qd4 Qf6 15.
Qb6+ axb6 16. Bxb6+ Ke8 17. Nc7+ Kd8 18. Nxa8+ Ke8 19. Nc7+ Kd8 20. Nd5+ Ke8
21. Nxf6+ Nxf6 22. O-O-O Ne4 23. f5 Bxd6 24. Re1 Ke7 25. fxg6 f5 26. Bd3 Kf6
27. gxh7 Ke5 28. Rhf1 Be7 29. Rxf5+ Kxf5 30. Bxe4+ Kg4 31. Bd4 Bg5+ 32. Kd1 Bh6
33. Bg6 Kh3 34. Re8 Kxh2 35. Rxh8 Bg5 36. Rxc8 b5 37. h8=Q+ Kxg3 38. Rc3+ Be3
39. Rxe3+ Kg2 40. Qh3+ Kf2 41. Rf3# 1-0

[Event "?"]
[Site "ICS rated blitz match, 192.23"]
[Date "1997.??.??"]
[Round "?"]
[White "Brause"]
[Black "laine"]
[Result "1-0"]
[WhiteElo "2535"]
[BlackElo "1765"]
[PlyCount "47"]

1. e4 e5 2. Nf3 Nc6 3. Nc3 Nf6 4. Nxe5 Nxe5 5. d4 Ng6 6. e5 Ng8 7. Bc4 c6 8.
Qe2 N8e7 9. Qf3 Nd5 10. Nxd5 cxd5 11. Bxd5 Qe7 12. O-O d6 13. exd6 Qxd6 14.
Qxf7+ Kd8 15. Bxb7 Rb8 16. Be4 Be7 17. Qxg7 Rf8 18. Re1 Rb7 19. Bxb7 Bxb7 20.
Bg5 Qd7 21. Rxe7 Nxe7 22. Qxf8+ Kc7 23. Qxe7 Qxe7 24. Bxe7 1-0

[Event "?"]
[Site "ICS rated blitz match, 192.23"]
[Date "1997.??.??"]
[Round "?"]
[White "Brause"]
[Black "MexicanFM"]
[Result "1-0"]
[WhiteElo "2640"]
[BlackElo "1970"]
[PlyCount "97"]

1. e4 e5 2. Nf3 Nc6 3. Nc3 Nf6 4. Nxe5 Nxe5 5. d4 Ng6 6. e5 Qe7 7. f4 d6 8. Be2
Nd7 9. exd6 Qxd6 10. O-O a6 11. f5 Ne7 12. Ne4 Qb6 13. f6 Nxf6 14. Nxf6+ gxf6
15. c4 Bf5 16. c5 Qe6 17. Qa4+ c6 18. Bc4 Nd5 19. Qa5 Be7 20. Bh6 Be4 21. Rf2
f5 22. Bxd5 cxd5 23. Bg7 Rg8 24. Be5 h5 25. Raf1 Bf6 26. Qa4+ Qd7 27. Qxd7+
Kxd7 28. Bxf6 Rg6 29. Be5 Rag8 30. g3 h4 31. Bf4 hxg3 32. hxg3 Rh8 33. Rh2 Rhg8
34. Rh7 Ke7 35. Kf2 R6g7 36. Rxg7 Rxg7 37. Ke3 Ke8 38. Be5 Rg6 39. Rf2 Ke7 40.
Rh2 Ke8 41. Rh8+ Ke7 42. Rb8 Rh6 43. Rxb7+ Ke8 44. a3 Rh1 45. c6 Re1+ 46. Kd2
Rb1 47. Rb8+ Ke7 48. c7 Rxb2+ 49. Rxb2 1-0

[Event "?"]
[Site "ICS rated blitz match, 192.23"]
[Date "1997.??.??"]
[Round "?"]
[White "Brause"]
[Black "Urania"]
[Result "1-0"]
[WhiteElo "2585"]
[BlackElo "2160"]
[PlyCount "41"]

1. e4 e5 2. Nf3 Nc6 3. Nc3 Nf6 4. Nxe5 Nxe5 5. d4 Ng6 6. e5 Ng8 7. Bc4 d5 8.
Bxd5 N8e7 9. Bb3 Be6 10. d5 Bf5 11. e6 fxe6 12. g4 exd5 13. gxf5 Nxf5 14. Nxd5
c6 15. Qg4 cxd5 16. Ba4+ Kf7 17. Qxf5+ Qf6 18. Qxd5+ Qe6+ 19. Qxe6+ Kxe6 20.
Be3 Bc5 21. Bxc5 1-0

[Event "?"]
[Site "ICS rated blitz match, 192.23"]
[Date "1997.??.??"]
[Round "?"]
[White "Brause"]
[Black "oldtimer"]
[Result "1-0"]
[WhiteElo "2580"]
[BlackElo "2680"]
[PlyCount "61"]

1. e4 e5 2. Nf3 Nc6 3. Nc3 Nf6 4. Nxe5 Nxe5 5. d4 Ng6 6. e5 Ng8 7. Bc4 d5 8.
Bxd5 c6 9. Be4 Bb4 10. O-O Bxc3 11. bxc3 N8e7 12. f4 Nd5 13. Qd3 f5 14. Bxd5
cxd5 15. c4 Be6 16. cxd5 Qxd5 17. Ba3 Kf7 18. g3 Rhc8 19. Rf2 Kg8 20. Bd6 Bd7
21. h3 Qc4 22. d5 Qxd3 23. cxd3 Rc3 24. Rd2 Rac8 25. e6 Bb5 26. Bb4 Rc1+ 27.
Rxc1 Rxc1+ 28. Kf2 Nf8 29. Re2 Rc8 30. Bxf8 Kxf8 31. d6 1-0

[Event "?"]
[Site "ICS rated blitz match, 192.23"]
[Date "1997.??.??"]
[Round "?"]
[White "Brause"]
[Black "oldtimer"]
[Result "1/2-1/2"]
[WhiteElo "2600"]
[BlackElo "2660"]
[PlyCount "103"]

1. e4 e5 2. Nf3 Nc6 3. Nc3 Nf6 4. Nxe5 Nxe5 5. d4 Ng6 6. e5 Ng8 7. Bc4 d5 8.
Bxd5 c6 9. Be4 f5 10. Bf3 Bb4 11. O-O N8e7 12. Ne2 Be6 13. c3 Ba5 14. Nf4 Nxf4
15. Bxf4 O-O 16. Bg5 Bb6 17. a4 a6 18. g3 h6 19. Bd2 a5 20. b3 Qd7 21. Qc2 c5
22. dxc5 Bxc5 23. Rae1 Rfd8 24. Be3 Bxe3 25. Rxe3 Qc7 26. c4 Rd4 27. Bg2 Rad8
28. Re2 b6 29. Qc1 Qc5 30. Rfe1 Qb4 31. Re3 Rd3 32. Bd5 R3xd5 33. cxd5 Nxd5 34.
Rd3 Rc8 35. Qa1 Rc3 36. Rxc3 Nxc3 37. Re3 Ne4 38. Rd3 Nc5 39. Rf3 Bd5 40. Re3
Qg4 41. f3 Qb4 42. Qd1 Be6 43. Qd6 Kh7 44. h4 h5 45. Qd8 Bf7 46. Qg5 Bg6 47. e6
Qd2 48. e7 Qd1+ 49. Kf2 Qd2+ 50. Kg1 Qd1+ 51. Kf2 Qd2+ 52. Kg1 1/2-1/2

[Event "?"]
[Site "ICS rated blitz match, 192.23"]
[Date "1997.??.??"]
[Round "?"]
[White "Brause"]
[Black "oldtimer"]
[Result "1-0"]
[WhiteElo "2600"]
[BlackElo "2670"]
[PlyCount "71"]

1. e4 e5 2. Nf3 Nc6 3. Nc3 Nf6 4. Nxe5 Nxe5 5. d4 Ng6 6. e5 Ng8 7. Bc4 d5 8.
Bxd5 c6 9. Be4 f5 10. Bf3 Bb4 11. O-O N8e7 12. Ne2 Be6 13. c3 Ba5 14. Nf4 Nxf4
15. Bxf4 O-O 16. Bg5 Bb6 17. a4 a5 18. b3 Re8 19. Bh5 g6 20. Bf3 Qd7 21. Qc2
Bd5 22. Bxd5+ cxd5 23. Rad1 Nc6 24. Qd3 Nd8 25. Bf4 Ne6 26. Bh6 Rad8 27. Qf3
Qf7 28. Rfe1 g5 29. Qh3 Rd7 30. Qd3 Qg6 31. Qb5 Rdd8 32. Qxb6 Qxh6 33. Qxb7 Nf4
34. Qb5 Rb8 35. Qxa5 Qh5 36. g3 1-0